| 000 | 00813cam a2200193 4500 | ||
|---|---|---|---|
| 001 | WB3713-37 | ||
| 008 | 000000n2001 000 0 eng u | ||
| 035 | _a(Sirsi) u111669 | ||
| 245 | _a£60bn rail upgrade will help deprived regions | ||
| 260 | _c2001 | ||
| 490 |
_aRegeneration and Renewal _v23 March 11(1) |
||
| 520 | _aStrategic Rail Authority agenda for the next decade includes plans to benefit many deprived areas of the UK. Improvements include better links to Hackney, King's Cross and Paddington and there are other schemes to upgrade services to Leeds, Sheffield and Manchester. To view the SRA report visit www.sra.gov.uk. | ||
| 590 | _aWB | ||
| 650 | _aSTRATEGIC RAIL AUTHORITY | ||
| 650 | _aRAIL NETWORK | ||
| 650 | _aRAIL PROJECTS | ||
| 690 | _aTRANSPORT AND COMMUNICATIONS | ||
| 942 | _n0 | ||
| 999 |
_c66535 _d66535 |
||